| 000 | 00594nam a2200169Ia 4500 | ||
|---|---|---|---|
| 008 | 140609s9999 xx 000 0 und d | ||
| 050 |
_aQR 63 _b.N964 [2010] |
||
| 100 | _aNuevo, Jose Jurel M. | ||
| 245 |
_aLaboratory manual in medical bacteriology / _cJose Jurel M. Nuevo, Emerson Ronald K. Bernardino |
||
| 260 |
_a[Philippines] : _b[Medical Laboratory Science], _c[c2010?]. |
||
| 300 |
_a159 leaves : _bill. ; _c28 cm. |
||
| 500 | _aIncludes bibliographical references. | ||
| 521 | _aNUR | ||
| 650 |
_aMedical bacteriology. _xLaboratory manuals. |
||
| 942 |
_kLOC _cBK |
||
| 999 |
_c118005 _d118005 |
||